000 01231cam a22002771i 4500
003 OSt
005 20241024124014.0
008 241022s1984 le g b 00010bara c
040 _aSA-RiAUC
_bara
_cSA-RiAUC
_erda
082 0 4 _a242
_qSA-RiAUC
090 _a242
_bث ع ا
100 1 _aالثعالبي، عبد العزيز بن إبراهيم بن عبد الرحمن،
_d1874-1944
_eمؤلف.
245 1 0 _aمعجز محمد رسول الله صلى الله عليه وسلم /
_cتأليف عبد العزيز الثعالبي ؛ تقديم محمد اليعلاوي.
250 _aالطبعة الثالثة.
264 1 _aبيروت :
_bدار الغرب الإسلامي،
_c1984
300 _a286 صفحة ؛
_c24 سم
336 _aنص
_btxt
_2rdacontent
_3كتاب
337 _aبدون وسيط
_bn
_2rdamedia
338 _aمجلد
_bnc
_2rdacarrier
504 _aيشتمل على إرجاعات ببليوجرافية.
600 0 7 _aمحمد (صلى الله عليه وسلم)،
_d53 قبل الهجرة-11 هجري
_2aucnm
650 7 _aمعجزات النبي
_2aucsh
700 1 _aاليعلاوي، محمد،
_d1929-2015
_eمقدم.
942 _2ddc
_cBOOK
_n0
949 _aSA-JeALM
_d241022
_umohamedma123
_n1
999 _c1671
_d1671